| 000 | 01204nam a2200289 a 4500 | ||
|---|---|---|---|
| 001 | ebr10534349 | ||
| 003 | CaPaEBR | ||
| 006 | m u | ||
| 007 | cr cn||||||||| | ||
| 008 | 120315s2012 ch ad sb 001 0 eng d | ||
| 040 |
_aCaPaEBR _cCaPaEBR |
||
| 035 | _a(OCoLC)785783114 | ||
| 050 | 1 | 4 |
_aTK7888 _b.H86 2012eb |
| 100 | 1 | _aHung-Lung Tu, Steve. | |
| 245 | 1 | 0 |
_aAnalog circuit design for communication SOC _h[electronic resource] / _cby Steve Hung-Lung Tu, Rong-Jyi Yang, Ding-Lan Shen. |
| 260 |
_a[Taiwan] : _bBentham Science Publishers, _c[2012] |
||
| 300 |
_aii, 234 p. : _bill. (some col.) |
||
| 504 | _aIncludes bibliographical references and index. | ||
| 533 |
_aElectronic reproduction. _bPalo Alto, Calif. : _cebrary, _d2011. _nAvailable via World Wide Web. _nAccess may be limited to ebrary affiliated libraries. |
||
| 650 | 0 |
_aElectronic analog computers _xCircuits. |
|
| 650 | 0 |
_aCommunication _xNetwork analysis. |
|
| 655 | 7 |
_aElectronic books. _2local |
|
| 700 | 1 | _aYang, Rong-Jyi. | |
| 700 | 1 | _aShen, Ding-Lan. | |
| 710 | 2 | _aebrary, Inc. | |
| 856 | 4 | 0 |
_uhttp://site.ebrary.com/lib/rucke/Doc?id=10534349 _zAn electronic book accessible through the World Wide Web; click to view |
| 999 |
_c148905 _d148905 |
||